Famous Celebrities on Stage Quiz Stats

 Plays Quiz Updated Mar 29, 2015

Also try: Stage Names
Challenge
Share
Tweet
Score 0/24 Timer 07:00
1 Play Today
% Correct
Ellen DeGeneres (with Sean Hayes)
97.6%
Tom Hanks
91.7%
Daniel Radcliffe
78.2%
Daniel Craig
70%
Mario Lopez
65.7%
Jerry Springer
63.1%
Scarlett Johansson
59.5%
Catherine Zeta-Jones
59.4%
David Hasselhoff
56.6%
Sean Combs
55.5%
Antonio Banderas
55.1%
Christina Applegate
47.5%
% Correct
Andrew Garfield
47.5%
Zachary Quinto
43.5%
Lance Bass
39.8%
Jane Lynch
39.6%
Clay Aiken
36.6%
Brooke Shields
36.6%
Allison Janney
34.4%
Jordin Sparks
33.7%
Reba McEntire
31.9%
Tony Danza
31.5%
Viola Davis
29.2%
Ricky Martin
19.3%

You're not logged in!

Compare scores with friends on all Sporcle quizzes.
Join for Free
OR
Log In

You Might Also Like...

Show Comments

Extras

Top Quizzes Today


Score Distribution

Your Account Isn't Verified!

In order to create a playlist on Sporcle, you need to verify the email address you used during registration. Go to your Sporcle Settings to finish the process.

Report this User

Report this user for behavior that violates our Community Guidelines.

Details: